Visualizzazione normale
Vista MARC
- Boorman John
di Personal Name
Records bibliografici associati: 1
001 - CONTROL NUMBER
- control field: 43051
003 - CONTROL NUMBER IDENTIFIER
- control field: IT-RoPau
005 - DATE AND TIME OF LATEST TRANSACTION
- control field: 20151127101158.0
008 - FIXED-LENGTH DATA ELEMENTS
- fixed length control field: 151127|| aca||aabn | a|a d
040 ## - CATALOGING SOURCE
- Original cataloging agency: IT-RoPau
- Transcribing agency: IT-RoPau
100 ## - HEADING--PERSONAL NAME
- Personal name: Boorman John
- Miscellaneous information: Codice regista SPICS: 8978
670 ## - SOURCE DATA FOUND
- Source citation: Work cat.: (IT-RoPau)105732: Boorman John Codice regista SPICS: 8978, EXCALIBUR EXCALIBUR (Rif. Codice opera principale : H7982)